00491nam a2200181Ia 450000500170000000800410001704000190005804100120007708200130008910000280010224500620013026000260019230000280021850400190024665000120026565100220027785000100029920250515134317.0131103s9999 xx 000 0 und d aLoreto College aEnglish a900bWAR aWarner, George Townsend 2aA brief survey of British historycGeorge Townsend Warner aLondonbBlackiec1949 aviii,302p.b ill., maps aIncludes index aHistory aBritish - History aLCBED